Μέθοδοι επίλυσης προβλημάτων άλγεβρας

Αποθηκεύτηκε σε:
Λεπτομέρειες βιβλιογραφικής εγγραφής
Κύριος συγγραφέας: Θεοχάρης, Νίκος
Μορφή: Βιβλίο
Γλώσσα:Greek
Δημοσίευση: Αθήνα : [χ.ό], [1978].
Θέματα:
Ετικέτες: Προσθήκη ετικέτας
Δεν υπάρχουν, Καταχωρήστε ετικέτα πρώτοι!

MARC

LEADER 00000cam a2200000 a 4500
001 1/108228
008 150828s1978####gr | ||| |||| ||gre||
040 |a GR-MyUa  |b gre  |c GR-MyUa  |e AACR2 
041 0 |a gre 
082 7 |a 512.0076   |2 (23) 
100 1 |a Θεοχάρης, Νίκος. 
245 1 0 |a Μέθοδοι επίλυσης προβλημάτων άλγεβρας /   |c Θεοχάρη Νίκου.  
260 |a Αθήνα :   |b [χ.ό],   |c [1978].  
300 |a 278 σ. ;   |c 24 εκ.  
500 |a Ειδικό - γιά υποψηφίους Πανελληνίων εξετάσεων της Β' & Γ' λυκείου.  
500 |a 270 λυμένα παραδείγματα.  
505 8 |a Επαγωγή - Απόλυτες τιμές - Ακολουθίες - Πολυώνυμα - Θέματα ολυμπιάδων.  
650 0 |a Algebra  |x Problems, exercises, etc. 
852 |a INST  |b SAMOS  |c MAG  |e 20150828  |h 512.0076 ΘΕΟ  |p 005300035866  |q 005300035866  |t BK  |y 0 
970 |a Σιτζίμη  |b Γιασεμή  |z 28/08/2015